[Event "RUS-chT2"]
[Site "Sochi"]
[Date "2019.05.07"]
[Round "6.4"]
[White "Pogosian, Georgy"]
[Black "Gurtovoy, Kamo"]
[Result "0-1"]
[WhiteElo "2088"]
[BlackElo "2278"]
[PlyCount "72"]
[EventDate "2019.05.01"]
[EventType "team-swiss"]
[EventRounds "9"]
[EventCountry "RUS"]
[SourceTitle "CBM 190 Extra"]
[Source "ChessBase"]
[SourceDate "2019.07.15"]
[SourceVersion "1"]
[SourceVersionDate "2019.07.15"]
[SourceQuality "1"]
[WhiteTeam "Smolensk Metrum Group"]
[BlackTeam "Grandmaster Academy"]
[WhiteTeamCountry "RUS"]
[BlackTeamCountry "RUS"]

1. d4 Nf6 2. Nf3 g6 3. c4 Bg7 4. Nc3 c5 5. d5 0-0 6. e4 d6 7. h3 e6 8. Bd3 exd5 9. exd5 Re8+ 10. Be3 Nh5 11. 0-0 f5 12. Bg5 Qb6 13. Re1 Bd7 14. Qd2 Na6 15. a3 Nc7 16. Rab1 Rxe1+ 17. Rxe1 Re8 18. Rxe8+ Nxe8 19. Qe2 h6 20. Bc1 Qd8 21. Bd2 Kf7 22. Qd1 Qe7 23. b4 b6 24. Qc2 Kf8 25. g3 Kf7 26. Qc1 g5 27. h4 g4 28. Ne1 f4 29. Qc2 fxg3 30. fxg3 Nxg3 31. Ng2 Kg8 32. Bf4 Bd4+ 33. Kh2 Nh5 34. Ne2 Bf2 35. Bf5 Bxf5 36. Qxf5 Qxe2 0-1

[Event "RUS-chT2"]
[Site "Sochi"]
[Date "2019.05.05"]
[Round "5.4"]
[White "Gurtovoy, Kamo"]
[Black "Derjabin, Ilja"]
[Result "0-1"]
[WhiteElo "2278"]
[BlackElo "2345"]
[PlyCount "136"]
[EventDate "2019.05.01"]
[EventType "team-swiss"]
[EventRounds "9"]
[EventCountry "RUS"]
[SourceTitle "CBM 190 Extra"]
[Source "ChessBase"]
[SourceDate "2019.07.15"]
[SourceVersion "1"]
[SourceVersionDate "2019.07.15"]
[SourceQuality "1"]
[WhiteTeam "Grandmaster Academy"]
[BlackTeam "Krym Nash"]
[WhiteTeamCountry "RUS"]
[BlackTeamCountry "RUS"]

1. Nf3 c5 2. c4 Nf6 3. Nc3 g6 4. d4 Bg7 5. e4 0-0 6. Be2 d6 7. 0-0 Bg4 8. d5 Bxf3 9. Bxf3 Nbd7 10. Bg5 h6 11. Be3 Qb6 12. Rb1 a5 13. Be2 Ne8 14. Qd2 Kh7 15. h4 Nef6 16. b3 h5 17. f4 Ng8 18. e5 Nh6 19. e6 Nf5 20. Bf2 Qb4 21. Rbc1 Bxc3 22. Rxc3 Nf6 23. Bf3 fxe6 24. dxe6 Ng4 25. Be1 Nf6 26. a4 Qb6 27. Bf2 Ng4 28. Bxg4 hxg4 29. Qe2 Nh6 30. Be1 Rf5 31. Qd1 Raf8 32. g3 R5f6 33. Re3 Nf5 34. Rd3 Nh6 35. Re3 Nf5 36. Rd3 Nh6 37. Qe2 Rf5 38. Qd1 R5f6 39. Qe2 Rf5 40. Kh2 Rh5 41. Bc3 Nf5 42. Ba1 Nh6 43. Qb2 Rg8 44. Rfd1 Qc6 45. Qc3 b6 46. Rd5 Nf5 47. Qd3 Qc8 48. Qe2 Qf8 49. Qxg4 Qh6 50. Qf3 Rf8 51. Qe4 Nxg3 52. Kxg3 Rxh4 53. Rg5 Rfxf4 54. Qxf4 Rxf4 55. Kxf4 Qh4+ 56. Kf3 Qh3+ 57. Kf2 Qh2+ 58. Rg2 Qf4+ 59. Kg1 Qe3+ 60. Kh1 g5 61. Rd5 g4 62. Rf5 Qxe6 63. Rf4 Qe1+ 64. Kh2 g3+ 65. Kh3 Qxa1 66. Kxg3 Qe5 67. Kg4 Kh6 68. Rg3 Qh5# 0-1